Seattle Seahawks Head Coaches - Statistics

General Stats
  • This quiz has been taken 64 times
  • The average score is 5 of 8
Answer Stats
Era Hint Answer % Correct
Seattle Seahawks 2010-present Pete Carroll
100%
Seattle Seahawks 1999-2008 Mike Holmgren
83%
Seattle Seahawks 1983-1991 Chuck Knox
59%
Seattle Seahawks 2009 Jim L. Mora
56%
Seattle Seahawks 1992-1994 Tom Flores
50%
Seattle Seahawks 1995-1998 Dennis Erickson
48%
Seattle Seahawks 1976-1982 Jack Patera
33%
Seattle Seahawks 1982 Mike McCormack
30%
No matching quizzes found
Score Distribution
Percent of People with Each Score
Percentile by Number Answered
Your Score History
You have not taken this quiz